000 00304nam a22001337a 4500
008 170210b xxu||||| |||| 00| 0 eng d
020 _a9780801666704
041 _aeng
080 _27TH
_a61
100 _a4
101 _aSHM
245 _aTHE PROCESS OF PATIENT EDUCATION
_cREDMAN, B.K
942 _2udc
_cBK
999 _c5179
_d5179